[Event "ch-NED"]
[Site "Leeuwarden NED"]
[Date "2005.09.12"]
[Round "5"]
[White "Janssen,Ru"]
[Black "Van Wely,L"]
[Result "0-1"]
[WhiteElo "2501"]
[BlackElo "2655"]
[EventDate "2005.09.06"]

1. d4 Nf6 2. c4 e6 3. Nc3 Bb4 4. e3 O-O 5. Nge2 d5 6. a3 Be7 7. cxd5 exd5
8. g3 a5 9. Bg2 Re8 10. O-O Na6 11. h3 c6 12. g4 h5 13. g5 Nd7 14. e4 Bxg5
15. exd5 cxd5 16. Nxd5 Nf8 17. f4 Bh4 18. f5 Nh7 19. Nec3 Nf6 20. Nxf6+
Bxf6 21. Nd5 Bd7 22. Bf4 Bc6 23. Nxf6+ Qxf6 24. d5 Bb5 25. Rf2 Nc5 26. Bh2
Nd3 27. Rd2 Qb6+ 28. Kh1 Nf2+ 29. Rxf2 Qxf2 30. Qxh5 Rac8 31. Rg1 Rc2 32.
Qg5 f6 33. Qg6 Re1 0-1